| 000 | 00396nam a22001697a 4500 | ||
|---|---|---|---|
| 005 | 20160625121535.0 | ||
| 008 | 160625b xxu||||| |||| 00| 0 eng d | ||
| 020 | _a81-203-2223-1 | ||
| 041 | _aeng | ||
| 082 | _b10069 | ||
| 100 |
_aDaniels, John D and others _92770 |
||
| 245 | _aGlobalization and Business | ||
| 260 |
_bPHI _c2004 |
||
| 300 | _a359 | ||
| 650 |
_aManagement _9241 |
||
| 942 | _cBK | ||
| 999 |
_c4006 _d4005 |
||